00590nam a22002057a 450000500170000001000150001702000260003203500130005803500130007103500130008403700130009703700220011008200100013210000250014224500760016726000380024327000610028130000230034250000190036520170504151357.0 aENG-109138 a9788177421187c600.00 aEN-92671 aB-534643 aB-667859 bDBAD/PUB bStar Pub/Venadpl a181.4 aBalslev, Anindita N. aIndian conceptual world :cby Anindita N.Balslevbphilosophical essays/ aNew DelhibAditya Prakashanc2012 aAditya Prakashan,2/18, Ansari Road,bNew Delhie110002. axi,207p.c22cm(Hb) aIncludes index